[Event "2BLS 1819 SC Heusenstamm - SV Jedesheim"]
[Site "?"]
[Date "2018.11.10"]
[Round "1.1"]
[White "Krassowizkij, Jaroslaw"]
[Black "Sadzikowski, Daniel"]
[Result "1/2-1/2"]
[WhiteElo "2456"]
[BlackElo "2544"]
[PlyCount "75"]
[EventDate "2018.??.??"]

1. c4 g6 2. d4 Nf6 3. Nc3 Bg7 4. e4 d6 5. Nf3 O-O 6. Be2 e5 7. O-O Nc6 8. dxe5
dxe5 9. Bg5 Qxd1 10. Rfxd1 Bg4 11. h3 Bxf3 12. Bxf3 Nd4 13. Nd5 Nxd5 14. cxd5
f5 15. Be3 Nxf3+ 16. gxf3 Rf7 17. Rac1 Bf8 18. f4 Re8 19. exf5 Bd6 20. fxg6
hxg6 21. fxe5 Rxe5 22. Rc4 Rff5 23. b4 Rxd5 24. Rxd5 Rxd5 25. Bxa7 Rd1+ 26. Kg2
Ra1 27. Bc5 b5 28. Rd4 Bxc5 29. bxc5 Rxa2 30. Rd7 Rc2 31. Rxc7 b4 32. Kg3 b3
33. Kg4 b2 34. Rb7 Rxf2 35. Kg5 Rc2 36. Kxg6 Rg2+ 37. Kf6 Rc2 38. Kg6 1/2-1/2

[Event "2BLS 1819 SC Heusenstamm - SV Jedesheim"]
[Site "?"]
[Date "2018.11.10"]
[Round "1.2"]
[White "Krejci, Jan"]
[Black "Pikula, Dejan"]
[Result "1-0"]
[WhiteElo "2563"]
[BlackElo "2485"]
[PlyCount "105"]
[EventDate "2018.??.??"]

1. d4 Nf6 2. c4 e6 3. Nc3 Bb4 4. e3 O-O 5. Bd3 d5 6. cxd5 exd5 7. Nge2 Bd6 8.
Ng3 c5 9. dxc5 Bxc5 10. O-O Bg4 11. Nce2 Bd6 12. Bd2 Nc6 13. Bc3 Be5 14. Bxe5
Nxe5 15. h3 Bxe2 16. Qxe2 g6 17. Rad1 Qd6 18. Bb5 Rac8 19. Rd4 Rc5 20. Ba4 Rfc8
21. Rfd1 Rc1 22. Bb3 R8c5 23. Rxc1 Rxc1+ 24. Rd1 Qc5 25. Qd2 Rxd1+ 26. Qxd1 b5
27. Ne2 Nc4 28. Qc1 Qb4 29. Nf4 a6 30. Nd3 Qa5 31. a3 Qb6 32. Nb4 a5 33. Nc2 a4
34. Bxc4 bxc4 35. Nb4 d4 36. exd4 Qxd4 37. Nc2 Qd3 38. Ne3 Qe2 39. Qxc4 Qxb2
40. Qxa4 Qc1+ 41. Kh2 Qb2 42. Qh4 Nh5 43. a4 Qe5+ 44. g3 Qb2 45. Qd8+ Kg7 46.
Ng4 Qe2 47. Qd4+ Kg8 48. a5 f5 49. Ne5 Qa2 50. a6 Qxa6 51. Qd8+ Kg7 52. Qe7+
Kh6 53. Qf8+ 1-0

[Event "2BLS 1819 SC Heusenstamm - SV Jedesheim"]
[Site "?"]
[Date "2018.11.10"]
[Round "1.3"]
[White "Lukovic, Vladimir"]
[Black "Poetsch, Hagen"]
[Result "1/2-1/2"]
[WhiteElo "2425"]
[BlackElo "2513"]
[PlyCount "109"]
[EventDate "2018.??.??"]

1. e4 c5 2. Nf3 d6 3. Bb5+ Nd7 4. O-O a6 5. Bd3 Ngf6 6. c3 g6 7. Bc2 Bg7 8. d4
O-O 9. a4 Qc7 10. d5 c4 11. a5 Nc5 12. Qe2 Bd7 13. Rd1 Rac8 14. Nbd2 Bb5 15.
Nd4 e6 16. dxe6 Nxe6 17. Nxe6 fxe6 18. e5 dxe5 19. Ne4 Nd5 20. g3 Rce8 21. h4
h6 22. Be3 Nxe3 23. Qxe3 Bc6 24. Nc5 Bd5 25. Be4 Qf7 26. Rd2 Rc8 27. Na4 Bxe4
28. Qxe4 Rcd8 29. Rad1 Rd5 30. Nb6 Rxa5 31. Nd7 Qf5 32. Qxc4 Rf7 33. Nc5 e4 34.
Nxe4 Bf8 35. Rd7 Ra1 36. Rxa1 Rxd7 37. Re1 Kg7 38. Qc8 Rf7 39. Re2 Qb5 40. c4
Qd7 41. Qxd7 Rxd7 42. Kg2 Rd4 43. b3 Bb4 44. Kf3 Rd3+ 45. Re3 Rd4 46. Ke2 a5
47. f3 a4 48. bxa4 Rxc4 49. Rb3 e5 50. Rd3 Be7 51. Rd7 Kf8 52. Rxb7 Rxa4 53.
Rb5 Ra2+ 54. Kf1 Ra1+ 55. Kg2 1/2-1/2

[Event "2BLS 1819 SC Heusenstamm - SV Jedesheim"]
[Site "?"]
[Date "2018.11.10"]
[Round "1.4"]
[White "Polak, Tomas"]
[Black "Anistratov, Dmitriy"]
[Result "1-0"]
[WhiteElo "2504"]
[BlackElo "2283"]
[PlyCount "121"]
[EventDate "2018.??.??"]

1. d4 d6 2. Nf3 Nf6 3. c4 c6 4. Nc3 Nbd7 5. e4 e5 6. Be2 Be7 7. O-O a6 8. Qc2
O-O 9. Rd1 Qc7 10. Bg5 h6 11. Bh4 Re8 12. Rac1 Nf8 13. c5 exd4 14. cxd6 Bxd6
15. Rxd4 Ng4 16. Bg3 Bxg3 17. hxg3 Qe7 18. Na4 Be6 19. Nc5 Rad8 20. Rcd1 Bc8
21. b4 Ne6 22. Nxe6 Bxe6 23. a3 Rxd4 24. Nxd4 Nf6 25. f4 Bc8 26. e5 Nd5 27. Qd2
a5 28. bxa5 Qxa3 29. Bf3 Ne3 30. Qc1 Qxc1 31. Rxc1 Rd8 32. Nb3 Kf8 33. Nc5 Nf5
34. Rb1 Nd4 35. Be4 Ne2+ 36. Kf2 Nc3 37. Rb3 Nb5 38. Ke3 g6 39. Bd3 Nd4 40. Rb4
Nf5+ 41. Bxf5 gxf5 42. Nxb7 Bxb7 43. Rxb7 Ra8 44. Rb6 Rxa5 45. Rxc6 Ra3+ 46.
Kf2 Ra2+ 47. Kg1 Ra1+ 48. Kh2 Kg7 49. Rf6 Re1 50. Rxf5 Kg6 51. Rf6+ Kg7 52. Ra6
Kh7 53. Ra3 Kg6 54. g4 Re4 55. Kg3 Re2 56. Kf3 Re1 57. Re3 Rf1+ 58. Kg3 h5 59.
e6 fxe6 60. Rxe6+ Kf7 61. Rh6 1-0

[Event "2BLS 1819 SC Heusenstamm - SV Jedesheim"]
[Site "?"]
[Date "2018.11.10"]
[Round "1.5"]
[White "Trussevich, Sergey"]
[Black "Wieczorek, Oskar"]
[Result "0-1"]
[WhiteElo "2282"]
[BlackElo "2468"]
[PlyCount "110"]
[EventDate "2018.??.??"]

1. c4 Nf6 2. Nf3 g6 3. b3 Bg7 4. Bb2 O-O 5. Qc2 c5 6. e3 Nc6 7. a3 b6 8. Be2
Bb7 9. O-O Re8 10. Re1 e5 11. d3 d5 12. cxd5 Nxd5 13. Nc3 Rc8 14. Nxd5 Qxd5 15.
Bf1 Red8 16. Red1 Qe6 17. Rab1 h6 18. Ba1 Kh7 19. Qb2 a5 20. Rbc1 Ba6 21. Qb1
Qf5 22. Nh4 Qe6 23. Nf3 Rd7 24. Nd2 Rcd8 25. Nc4 Ne7 26. Re1 Bxc4 27. Rxc4 Nc6
28. Rec1 Rd6 29. h3 f5 30. Be2 h5 31. Bb2 R6d7 32. Bf1 Bf8 33. Ba1 Ne7 34. R4c2
Nd5 35. Qa2 Ne7 36. Bc3 Nc6 37. Be1 f4 38. Qb1 fxe3 39. fxe3 Bh6 40. Bf2 Rf8
41. Re1 Qf6 42. Qb2 Rdf7 43. Qc3 Ne7 44. Qc4 Nf5 45. Qe4 h4 46. Qf3 Qe6 47. Qe4
Qxb3 48. Rce2 Ng3 49. Bxg3 hxg3 50. Qxe5 Qxd3 51. Qxg3 Rxf1+ 52. Rxf1 Qxe2 53.
Re1 Qb2 54. Qc7+ Bg7 55. Rd1 Qe2 0-1

[Event "2BLS 1819 SC Heusenstamm - SV Jedesheim"]
[Site "?"]
[Date "2018.11.10"]
[Round "1.6"]
[White "Klekowski, Maciej"]
[Black "Roemer, Ulrich"]
[Result "1-0"]
[WhiteElo "2499"]
[BlackElo "2173"]
[PlyCount "81"]
[EventDate "2018.??.??"]

1. c4 c5 2. Nf3 Nf6 3. Nc3 g6 4. d4 cxd4 5. Nxd4 Bg7 6. e4 d6 7. Be2 O-O 8. O-O
Nc6 9. Nc2 Bd7 10. Be3 Rc8 11. f3 Ne5 12. Na3 Qa5 13. Qd2 Rfe8 14. Rfd1 Be6 15.
Nd5 Qxd2 16. Rxd2 Bxd5 17. exd5 a5 18. Rad1 Ned7 19. Nb5 Nc5 20. b3 h5 21. h3
Nfd7 22. Rc2 h4 23. Bg5 Bf6 24. Bxf6 Nxf6 25. Rd4 g5 26. f4 e5 27. dxe6 Nxe6
28. Rdd2 Ne4 29. Nxd6 Nxd6 30. Rxd6 Nxf4 31. Bf3 Rc7 32. Rcd2 Re1+ 33. Kf2 Ra1
34. Rb6 Re7 35. Rxb7 Ree1 36. c5 Rf1+ 37. Ke3 Rfe1+ 38. Kd4 Ne6+ 39. Kd5 Rac1
40. c6 Nf4+ 41. Kd6 1-0

[Event "2BLS 1819 SC Heusenstamm - SV Jedesheim"]
[Site "?"]
[Date "2018.11.10"]
[Round "1.7"]
[White "Engelhart, Achim"]
[Black "Barski, Radoslaw"]
[Result "0-1"]
[WhiteElo "2112"]
[BlackElo "2459"]
[PlyCount "90"]
[EventDate "2018.??.??"]

1. e4 c5 2. c3 d5 3. exd5 Qxd5 4. d4 Nf6 5. Nf3 e6 6. a3 Nc6 7. Be3 cxd4 8.
cxd4 Be7 9. Nc3 Qd6 10. Bd3 O-O 11. Qc2 a6 12. O-O g6 13. Rad1 Ng4 14. Ne4 Nxe3
15. fxe3 Qd8 16. Nc5 Bxc5 17. Qxc5 Bd7 18. e4 Rc8 19. Kh1 Qe7 20. Qb6 Nd8 21.
Ne5 f6 22. Nxd7 Qxd7 23. d5 Kg7 24. Bb1 Qc7 25. Qb3 Qc4 26. Qb6 Qc5 27. Qb3 e5
28. Qf3 b5 29. Qf2 Qxf2 30. Rxf2 Nb7 31. Kg1 Nd6 32. Re2 Rc4 33. Bd3 Rc5 34.
Rc2 Rxc2 35. Bxc2 Rc8 36. Bd3 f5 37. exf5 gxf5 38. a4 e4 39. Bf1 Rc2 40. axb5
axb5 41. b3 Kf6 42. Ra1 Ke5 43. Ra5 e3 44. g3 e2 45. Bxe2 Rxe2 0-1

[Event "2BLS 1819 SC Heusenstamm - SV Jedesheim"]
[Site "?"]
[Date "2018.11.10"]
[Round "1.8"]
[White "Weichhold, Pawel"]
[Black "Bossinger, Patrick"]
[Result "1-0"]
[WhiteElo "2425"]
[BlackElo "1976"]
[PlyCount "81"]
[EventDate "2018.??.??"]

1. e4 c5 2. Nf3 d6 3. d4 cxd4 4. Nxd4 g6 5. g3 Bg7 6. Bg2 Nf6 7. Nc3 O-O 8. h3
Nc6 9. Nde2 Bd7 10. b3 Rc8 11. Bb2 Qc7 12. Rb1 a6 13. O-O Rfe8 14. Nd5 Nxd5 15.
exd5 Nd8 16. Bxg7 Kxg7 17. c3 e6 18. dxe6 Nxe6 19. Qd2 Bc6 20. Rfd1 Bxg2 21.
Kxg2 Rcd8 22. c4 Qc6+ 23. f3 f6 24. Nc3 Ng5 25. Nd5 Qc8 26. g4 h5 27. Re1 hxg4
28. hxg4 Re5 29. Qd3 Rh8 30. Rxe5 fxe5 31. Qe3 Ne6 32. Qb6 Qc6 33. Qe3 Qc8 34.
Qb6 Qc6 35. Qb4 Nd4 36. Qe1 Nc2 37. Qd2 Nd4 38. Qg5 Rf8 39. Rh1 Kf7 40. Qe7+
Kg8 41. Qh7# 1-0

[Event "2BLS 1819 SV Griesheim - TSV Schoenaich"]
[Site "?"]
[Date "2018.11.10"]
[Round "1.1"]
[White "Martinovic, Sasa"]
[Black "Grabarczyk, Miroslaw"]
[Result "1-0"]
[WhiteElo "2563"]
[BlackElo "2374"]
[PlyCount "91"]
[EventDate "2018.??.??"]

1. d4 d5 2. c4 e6 3. Nc3 Nf6 4. cxd5 exd5 5. Bg5 c6 6. Qc2 Na6 7. e3 Nc7 8. Bd3
Be7 9. Nf3 Ne6 10. Bh4 g6 11. O-O Ng7 12. b4 a6 13. a3 Bf5 14. Ne5 O-O 15. f3
Nd7 16. Bf2 Bxd3 17. Nxd3 Nb6 18. Nc5 Ra7 19. a4 Nc4 20. a5 Ne6 21. e4 Bg5 22.
Rfe1 Bd2 23. Re2 Bxc3 24. Qxc3 Nc7 25. Rae1 b6 26. axb6 Nxb6 27. Qc1 Nc4 28.
exd5 cxd5 29. Qh6 Nd6 30. Bh4 Nf5 31. Bxd8 Nxh6 32. Bf6 Nf5 33. g4 Ng7 34. Re7
Rfa8 35. Nd7 Nge6 36. Nb6 Kf8 37. Nd7+ Kg8 38. Nb6 Kf8 39. Nxa8 Rxa8 40. Rd7 h6
41. Rc1 Nb5 42. Kf2 Nf4 43. Rc6 g5 44. Be5 Ne6 45. Rxd5 Ke7 46. Rb6 1-0

[Event "2BLS 1819 SV Griesheim - TSV Schoenaich"]
[Site "?"]
[Date "2018.11.10"]
[Round "1.2"]
[White "Jarmula, Lukasz"]
[Black "Plenca, Jadranko"]
[Result "1/2-1/2"]
[WhiteElo "2492"]
[BlackElo "2477"]
[PlyCount "78"]
[EventDate "2018.??.??"]

1. d4 d5 2. Nf3 Nf6 3. Bf4 c5 4. e3 Nc6 5. Nbd2 Bg4 6. h3 Bxf3 7. Nxf3 e6 8. c3
Bd6 9. Qb3 Rb8 10. Bxd6 Qxd6 11. Qa3 b6 12. Bb5 O-O 13. O-O Ne4 14. Rac1 Rfc8
15. c4 Nb4 16. cxd5 exd5 17. dxc5 bxc5 18. Be2 a5 19. Rfd1 Qf6 20. Bf1 a4 21.
Rb1 h6 22. Qxa4 c4 23. Rd4 Nxa2 24. Ra1 Nb4 25. Qd1 Nc6 26. Ra6 Nc5 27. Rf4 Qd8
28. Ra2 Nb4 29. Ra7 Rc7 30. Rxc7 Qxc7 31. Ne1 Qc6 32. Qh5 Rb7 33. Rd4 Ne4 34.
Qe5 Nf6 35. e4 Qe6 36. Qxe6 fxe6 37. exd5 exd5 38. g4 Na6 39. b3 cxb3 1/2-1/2

[Event "2BLS 1819 SV Griesheim - TSV Schoenaich"]
[Site "?"]
[Date "2018.11.10"]
[Round "1.3"]
[White "Volke, Karsten"]
[Black "Tazbir, Marcin"]
[Result "1/2-1/2"]
[WhiteElo "2471"]
[BlackElo "2534"]
[PlyCount "36"]
[EventDate "2018.??.??"]

1. d4 Nf6 2. c4 g6 3. Nc3 Bg7 4. e4 O-O 5. f3 c6 6. Be3 d5 7. e5 Ne8 8. cxd5
cxd5 9. f4 Nc6 10. Nf3 Nc7 11. Be2 Bg4 12. h3 Bxf3 13. Bxf3 e6 14. O-O Qd7 15.
Rc1 Na5 16. b3 Nb5 17. Ne2 Rfc8 18. Qd3 a6 1/2-1/2

[Event "2BLS 1819 SV Griesheim - TSV Schoenaich"]
[Site "?"]
[Date "2018.11.10"]
[Round "1.4"]
[White "Baskin, Robert"]
[Black "Hirneise, Tobias"]
[Result "1/2-1/2"]
[WhiteElo "2354"]
[BlackElo "2472"]
[PlyCount "52"]
[EventDate "2018.??.??"]

1. d4 Nf6 2. Nf3 e6 3. c4 b6 4. g3 Bb7 5. Bg2 Bb4+ 6. Nbd2 O-O 7. O-O a5 8. Nb1
Be7 9. d5 exd5 10. Nh4 Ne4 11. cxd5 Bxh4 12. Bxe4 Bf6 13. Nc3 d6 14. Qc2 g6 15.
Bh6 Re8 16. Bg2 Nd7 17. Rac1 Nc5 18. Ne4 Nxe4 19. Bxe4 Re7 20. Bg2 Ba6 21. Rfe1
Qd7 22. e4 Rae8 23. Bd2 Bb5 24. h3 Bd4 25. Bc3 Bxc3 26. Qxc3 f5 1/2-1/2

[Event "2BLS 1819 SV Griesheim - TSV Schoenaich"]
[Site "?"]
[Date "2018.11.10"]
[Round "1.5"]
[White "Hirneise, Jens"]
[Black "Spitzl, Vinzent"]
[Result "1/2-1/2"]
[WhiteElo "2370"]
[BlackElo "2285"]
[PlyCount "56"]
[EventDate "2018.??.??"]

1. e4 c6 2. d4 d5 3. exd5 cxd5 4. c4 Nf6 5. Nc3 Nc6 6. Nf3 g6 7. cxd5 Nxd5 8.
Qb3 Nxc3 9. Bc4 e6 10. bxc3 Bd7 11. Qb2 Bg7 12. Bf4 O-O 13. O-O Rc8 14. Be2 e5
15. Nxe5 Nxe5 16. dxe5 Bc6 17. Rad1 Qa5 18. Bg4 Rcd8 19. Qb4 Qxa2 20. Ra1 Qc2
21. Rxa7 Rfe8 22. Bf3 Bf8 23. Qb1 Qxc3 24. Bxc6 bxc6 25. Ra2 Qd4 26. Qc1 c5 27.
Rc2 Qe4 28. Re1 Qf5 1/2-1/2

[Event "2BLS 1819 SV Griesheim - TSV Schoenaich"]
[Site "?"]
[Date "2018.11.10"]
[Round "1.6"]
[White "Grabarczyk, Bogdan"]
[Black "Menezes, Christoph"]
[Result "1/2-1/2"]
[WhiteElo "2380"]
[BlackElo "2421"]
[PlyCount "81"]
[EventDate "2018.??.??"]

1. e4 c5 2. Nf3 Nc6 3. d4 cxd4 4. Nxd4 Nf6 5. Nc3 e5 6. Nf5 d5 7. exd5 Bxf5 8.
dxc6 Qxd1+ 9. Nxd1 bxc6 10. Ne3 Be6 11. Nc4 Nd7 12. Be3 f6 13. O-O-O Bc5 14.
Na5 Bxe3+ 15. fxe3 Rc8 16. Be2 Ke7 17. Bf3 Nb8 18. Nb7 Rc7 19. Nc5 Bc8 20. Rd3
Rd8 21. Rc3 Nd7 22. Nb3 Nb8 23. Na5 Bd7 24. a3 Rdc8 25. Rd1 g6 26. h4 h5 27.
Rc5 Bg4 28. Bxg4 hxg4 29. Rc4 f5 30. Ra4 Nd7 31. Nc4 Nb6 32. Rb4 Nxc4 33. Rxc4
Rd7 34. Ra4 Rcc7 35. Ra6 Rxd1+ 36. Kxd1 Kd7 37. Ke2 Kc8 38. b4 Kb7 39. Ra5 Re7
40. Rc5 Kb6 41. a4 1/2-1/2

[Event "2BLS 1819 SV Griesheim - TSV Schoenaich"]
[Site "?"]
[Date "2018.11.10"]
[Round "1.7"]
[White "Wenninger, Philipp"]
[Black "Koehler, Ronald"]
[Result "1-0"]
[WhiteElo "2388"]
[BlackElo "2270"]
[PlyCount "93"]
[EventDate "2018.??.??"]

1. d4 Nf6 2. Nf3 e6 3. c4 c5 4. d5 exd5 5. cxd5 d6 6. Nc3 g6 7. Qa4+ Nbd7 8. e4
a6 9. Bf4 Nh5 10. Bg5 Be7 11. Bh6 Bf8 12. Bxf8 Kxf8 13. g3 Kg7 14. Bg2 Re8 15.
O-O Nhf6 16. Rfe1 b5 17. Qc2 Bb7 18. h3 Qc7 19. Rad1 c4 20. a3 Nc5 21. Re3 Nfd7
22. Ne2 Qd8 23. Ned4 Qf6 24. Nh2 Nd3 25. Qc3 h5 26. Rf1 N7c5 27. b3 Nxb3 28.
Rxd3 cxd3 29. e5 dxe5 30. Nxb3 e4 31. Qxf6+ Kxf6 32. d6 Ke5 33. Nc5 Bc6 34. d7
Red8 35. f3 f5 36. fxe4 fxe4 37. Nxe4 Bxe4 38. Re1 Kd4 39. Bxe4 d2 40. Nf3+ Kc3
41. Re3+ Kb2 42. Rd3 Ra7 43. Rxd2+ Kc3 44. Ne5 g5 45. Bf5 a5 46. Nc6 Rdxd7 47.
Bxd7 1-0

[Event "2BLS 1819 SV Griesheim - TSV Schoenaich"]
[Site "?"]
[Date "2018.11.10"]
[Round "1.8"]
[White "De Visser, Leon"]
[Black "Kuebler, Marcus"]
[Result "1-0"]
[WhiteElo "2230"]
[BlackElo "1992"]
[PlyCount "69"]
[EventDate "2018.??.??"]

1. c4 c5 2. g3 Nc6 3. Bg2 g6 4. Nc3 Bg7 5. a3 Nf6 6. Rb1 a5 7. Nh3 O-O 8. O-O
d6 9. Nf4 Ng4 10. d3 h5 11. h4 Nd4 12. Ne4 a4 13. Ng5 Nb3 14. Bd2 Nxd2 15. Qxd2
e6 16. b4 axb3 17. Rxb3 Qc7 18. Rfb1 Ra7 19. Qc1 Ne5 20. Ne4 Nc6 21. Nc3 Na5
22. Rb6 Bd7 23. Ne4 Nc6 24. Bf3 Rfa8 25. Bxh5 Nd4 26. e3 Nf5 27. Bf3 Bc6 28.
R1b3 Ba4 29. Rxb7 Qd8 30. Ng5 Nh6 31. Nfxe6 fxe6 32. Nxe6 Qf6 33. Rxg7+ Kh8 34.
Rxa7 Rxa7 35. Qb2 1-0

[Event "2BLS 1819 SF Bad Mergentheim - OSG Bade"]
[Site "?"]
[Date "2018.11.10"]
[Round "1.1"]
[White "Gledura, Benjamin"]
[Black "Rakotomaharo, Fy Antenaina"]
[Result "1-0"]
[WhiteElo "2622"]
[BlackElo "2429"]
[PlyCount "55"]
[EventDate "2018.??.??"]

1. Nf3 Nf6 2. c4 e6 3. g3 d5 4. d4 Be7 5. Bg2 O-O 6. O-O c6 7. Qc2 b6 8. Nbd2
Bb7 9. e4 Na6 10. e5 Nd7 11. a3 c5 12. dxc5 bxc5 13. Re1 Nc7 14. h4 Re8 15. Nb3
Rb8 16. Ng5 Bxg5 17. Bxg5 Qc8 18. Na5 Ba8 19. Bd2 Qa6 20. h5 dxc4 21. Bxa8 Rxa8
22. h6 Nb5 23. Qxc4 Nb6 24. Qg4 g6 25. Rec1 Nd4 26. Rxc5 Qd3 27. Be3 Nf5 28.
Qe2 1-0

[Event "2BLS 1819 SF Bad Mergentheim - OSG Bade"]
[Site "?"]
[Date "2018.11.10"]
[Round "1.2"]
[White "Karpatchev, Aleksandr"]
[Black "Gozzoli, Yannick"]
[Result "1/2-1/2"]
[WhiteElo "2416"]
[BlackElo "2612"]
[PlyCount "35"]
[EventDate "2018.??.??"]

1. e4 e5 2. Nf3 Nc6 3. Nc3 Nf6 4. d4 exd4 5. Nxd4 Bb4 6. Nxc6 bxc6 7. Bd3 d5 8.
exd5 O-O 9. O-O cxd5 10. h3 Rb8 11. Qf3 Rb6 12. Bg5 h6 13. Bxf6 Rxf6 14. Qxd5
Bxc3 15. Qxd8 Rxd8 16. bxc3 Bf5 17. Rfd1 Rfd6 18. Rab1 1/2-1/2

[Event "2BLS 1819 SF Bad Mergentheim - OSG Bade"]
[Site "?"]
[Date "2018.11.10"]
[Round "1.3"]
[White "Martin, Julian"]
[Black "Ikonnikov, Vyacheslav"]
[Result "0-1"]
[WhiteElo "2389"]
[BlackElo "2546"]
[PlyCount "62"]
[EventDate "2018.??.??"]

1. e4 c5 2. Nf3 a6 3. c4 d6 4. d4 cxd4 5. Nxd4 Nf6 6. Nc3 g6 7. Be2 Bg7 8. O-O
O-O 9. Be3 Nc6 10. Qd2 Ng4 11. Bxg4 Bxg4 12. Rac1 Rc8 13. Nd5 Nxd4 14. Bxd4
Bxd4 15. Qxd4 Be6 16. b4 Bxd5 17. exd5 Re8 18. f4 e6 19. dxe6 Rxe6 20. f5 gxf5
21. Rxf5 b5 22. h4 bxc4 23. Rxc4 Rxc4 24. Qxc4 h6 25. h5 Qe7 26. Rf4 Re1+ 27.
Kh2 Re5 28. Qc8+ Kh7 29. Qc2+ Kg7 30. Rg4+ Kf8 31. Qc8+ Qe8 0-1

[Event "2BLS 1819 SF Bad Mergentheim - OSG Bade"]
[Site "?"]
[Date "2018.11.10"]
[Round "1.4"]
[White "Kazakovskiy, Valeriy"]
[Black "Halkias, Stelios"]
[Result "1/2-1/2"]
[WhiteElo "2416"]
[BlackElo "2544"]
[PlyCount "122"]
[EventDate "2018.??.??"]

1. d4 Nf6 2. Nf3 e6 3. c4 c5 4. d5 d6 5. Nc3 exd5 6. cxd5 g6 7. Bf4 a6 8. e4
Bg7 9. Qa4+ Nfd7 10. Qc2 Qe7 11. Be2 b5 12. O-O O-O 13. a4 b4 14. Nd1 a5 15.
Bg5 f6 16. Bh4 Bh6 17. b3 Nb6 18. Nb2 N8d7 19. Rae1 Bb7 20. Bb5 Rac8 21. Nd2
Bf4 22. Ndc4 Nxc4 23. Nxc4 Ra8 24. Bg3 Bxg3 25. hxg3 Ne5 26. Ne3 Ba6 27. Bxa6
Rxa6 28. f4 Nd7 29. Qd3 Raa8 30. Nc4 Kg7 31. Re3 h5 32. Rfe1 Rf7 33. Qe2 Kg8
34. Qc2 Kg7 35. R1e2 Ra6 36. Rf3 Ra8 37. Kf2 Ra6 38. Qd3 Ra8 39. Kg1 Ra7 40.
Rf1 Ra8 41. Kf2 Ra7 42. Rh1 Ra8 43. Kg1 Rff8 44. Qf3 Rh8 45. g4 h4 46. g3 hxg3
47. Rxh8 Rxh8 48. Qxg3 Kg8 49. Kg2 g5 50. fxg5 Ne5 51. gxf6 Qxf6 52. Nxe5 dxe5
53. g5 Qg6 54. Qxe5 Qh5 55. Kf2 Qh1 56. Qe6+ Kg7 57. Qf6+ Kg8 58. Qg6+ Kf8 59.
Qf6+ Kg8 60. Qe6+ Kg7 61. Qf6+ Kg8 1/2-1/2

[Event "2BLS 1819 SF Bad Mergentheim - OSG Bade"]
[Site "?"]
[Date "2018.11.10"]
[Round "1.5"]
[White "Riff, Jean-Noel"]
[Black "Gasthofer, Alexander"]
[Result "1-0"]
[WhiteElo "2488"]
[BlackElo "2422"]
[PlyCount "79"]
[EventDate "2018.??.??"]

1. e4 e6 2. d4 d5 3. Nd2 dxe4 4. Nxe4 Nd7 5. Nf3 Ngf6 6. Bd3 c5 7. O-O cxd4 8.
Nxd4 Be7 9. c3 O-O 10. Re1 Re8 11. Ng5 Nf8 12. Qf3 h6 13. Ne4 N8h7 14. Bf4 a6
15. a4 Qd5 16. Rad1 Qh5 17. Qg3 Bd7 18. Bc2 Qg4 19. Qxg4 Nxg4 20. Nd6 Bxd6 21.
Bxd6 Ngf6 22. c4 Rec8 23. b3 b5 24. axb5 axb5 25. cxb5 Nd5 26. Be4 Nhf6 27. Bf3
Ra7 28. Rc1 Rxc1 29. Rxc1 Rb7 30. Rc5 Rb6 31. Be5 Be8 32. Rc8 Kf8 33. h3 Ke7
34. Be2 g5 35. Bc4 Nd7 36. Bg3 f6 37. Bxd5 exd5 38. Nf5+ Kf8 39. Nd6 Rb8 40.
Rxe8+ 1-0

[Event "2BLS 1819 SF Bad Mergentheim - OSG Bade"]
[Site "?"]
[Date "2018.11.10"]
[Round "1.6"]
[White "Ivanov, Mikhail M"]
[Black "Bellahcene, Bilel"]
[Result "0-1"]
[WhiteElo "2383"]
[BlackElo "2488"]
[PlyCount "30"]
[EventDate "2018.??.??"]

1. Nf3 Nf6 2. g3 c5 3. Bg2 Nc6 4. c4 d5 5. O-O e5 6. cxd5 Nxd5 7. b3 Be7 8. Bb2
f6 9. Nc3 Be6 10. d3 O-O 11. e3 Qd7 12. Qe2 Rfe8 13. Rfd1 Nxc3 14. Bxc3 Bd8 15.
Ne1 Rf8 0-1

[Event "2BLS 1819 SF Bad Mergentheim - OSG Bade"]
[Site "?"]
[Date "2018.11.10"]
[Round "1.7"]
[White "Schmaltz, Roland"]
[Black "Reinhardt, Bernd"]
[Result "1-0"]
[WhiteElo "2446"]
[BlackElo "2157"]
[PlyCount "87"]
[EventDate "2018.??.??"]

1. e4 d6 2. d4 Nf6 3. Nc3 Nbd7 4. f4 e5 5. Nf3 exd4 6. Qxd4 c6 7. Be3 d5 8.
exd5 Bc5 9. Qd3 Qe7 10. Nd4 Nb6 11. dxc6 bxc6 12. O-O-O Ba6 13. Qd2 Bxf1 14.
Bf2 Nc4 15. Qe1 Qxe1 16. Rxe1+ Kd7 17. Rhxf1 Rhe8 18. Rd1 Kc7 19. Ne6+ Rxe6 20.
Bxc5 Ne3 21. Bxe3 Rxe3 22. Rde1 Re6 23. g3 h5 24. h3 Rd8 25. Re5 g6 26. Rfe1
Rxe5 27. Rxe5 Rd7 28. a3 Kd8 29. Ne2 Nd5 30. b3 Ne7 31. g4 hxg4 32. hxg4 Rd6
33. Re3 Kd7 34. c4 Ng8 35. Kc2 Nh6 36. g5 Nf5 37. Rd3 c5 38. b4 Ke6 39. Rxd6+
Nxd6 40. Kd3 Nb7 41. Ng3 a5 42. b5 f6 43. f5+ gxf5 44. g6 1-0

[Event "2BLS 1819 SF Bad Mergentheim - OSG Bade"]
[Site "?"]
[Date "2018.11.10"]
[Round "1.8"]
[White "Hauke, Christian"]
[Black "Mutschnik, Illya"]
[Result "0-1"]
[WhiteElo "2178"]
[BlackElo "2400"]
[PlyCount "73"]
[EventDate "2018.??.??"]

1. d4 Nf6 2. Bg5 Ne4 3. Bf4 c5 4. f3 Qa5+ 5. c3 Nf6 6. Nd2 cxd4 7. Nc4 Qd8 8.
Qxd4 b5 9. Na3 Nc6 10. Qd2 a6 11. e4 d5 12. O-O-O e6 13. Nc2 dxe4 14. Qe3 Qa5
15. fxe4 e5 16. Bg3 Qxa2 17. Qb6 Qe6 18. Nf3 Rb8 19. Rd8+ Nxd8 20. Qxb8 Bd6 21.
Qb6 Nd7 22. Qe3 Bb7 23. Be2 Nc5 24. Nd2 Nc6 25. Kb1 O-O 26. Rf1 Na4 27. Rf5 f6
28. h3 h5 29. Qf3 g6 30. Qg4 Bc8 31. Be1 Qf7 32. Qg3 Be6 33. Rf1 b4 34. cxb4
Nxb4 35. Nxb4 Bxb4 36. Rf3 Rc8 37. Bxa6 0-1

[Event "2BLS 1819 SC Eppingen - SC Emmendingen"]
[Site "?"]
[Date "2018.11.10"]
[Round "1.1"]
[White "Rausis, Igors"]
[Black "Noe, Christopher"]
[Result "1-0"]
[WhiteElo "2652"]
[BlackElo "2529"]
[PlyCount "89"]
[EventDate "2018.??.??"]

1. e4 e5 2. Nf3 Nc6 3. d4 exd4 4. Nxd4 Bc5 5. Be3 Qf6 6. c3 Nge7 7. Bb5 Bb6 8.
O-O O-O 9. a4 d5 10. Bxc6 bxc6 11. a5 Bc5 12. Nd2 Ng6 13. f4 dxe4 14. f5 Ne7
15. Qe1 Qe5 16. b4 Bd6 17. Bf4 Qd5 18. Bxd6 cxd6 19. Qxe4 c5 20. Qxe7 cxd4 21.
c4 Qc6 22. Qe4 Qxe4 23. Nxe4 d5 24. Nd6 dxc4 25. Rf4 Rb8 26. b5 Bd7 27. b6 axb6
28. a6 b5 29. a7 Ra8 30. Rxd4 c3 31. Ne4 Bxf5 32. Nxc3 Be6 33. Nxb5 Rfc8 34.
Rd6 Kf8 35. Rb6 Bd5 36. Rd1 Bb3 37. Rd7 Be6 38. Rdb7 Bd5 39. Nc7 Bxb7 40. Rxb7
Rxc7 41. Rxc7 g6 42. Kf2 Kg7 43. Ke3 Kf6 44. Kd4 Ke6 45. Kc5 1-0

[Event "2BLS 1819 SC Eppingen - SC Emmendingen"]
[Site "?"]
[Date "2018.11.10"]
[Round "1.2"]
[White "Medvegy, Zoltan"]
[Black "Baklan, Vladimir"]
[Result "1/2-1/2"]
[WhiteElo "2538"]
[BlackElo "2605"]
[PlyCount "25"]
[EventDate "2018.??.??"]

1. c4 Nf6 2. Nc3 g6 3. g3 Bg7 4. Bg2 O-O 5. e4 d6 6. Nge2 e5 7. O-O c6 8. d4 a6
9. dxe5 dxe5 10. c5 Be6 11. Qc2 Nbd7 12. Na4 Qe7 13. h3 {(=)} 1/2-1/2

[Event "2BLS 1819 SC Eppingen - SC Emmendingen"]
[Site "?"]
[Date "2018.11.10"]
[Round "1.3"]
[White "Shevchenko, Kirill"]
[Black "Guliyev, Namig"]
[Result "1-0"]
[WhiteElo "2549"]
[BlackElo "2523"]
[PlyCount "77"]
[EventDate "2018.??.??"]

1. e4 e5 2. Nf3 Nf6 3. Nxe5 d6 4. Nf3 Nxe4 5. Nc3 Nf6 6. d4 Be7 7. h3 O-O 8.
Bd3 b6 9. O-O Bb7 10. Re1 Nbd7 11. Bf4 Re8 12. d5 a6 13. a4 Bf8 14. Qd2 Rxe1+
15. Rxe1 g6 16. Bc4 Bg7 17. Nd4 Qf8 18. Ne6 fxe6 19. dxe6 Kh8 20. exd7 Nxd7 21.
Bd5 Bxd5 22. Nxd5 Rc8 23. Nxc7 Nc5 24. Bxd6 Qf5 25. Bxc5 Qxc5 26. Qd7 Rf8 27.
Qxg7+ Kxg7 28. Ne6+ Kf6 29. Nxc5 bxc5 30. Re3 Rb8 31. b3 c4 32. g3 Rd8 33. Rc3
cxb3 34. Rc6+ Kf5 35. cxb3 Rd3 36. b4 Rb3 37. Rb6 Ke4 38. Kg2 g5 39. b5 1-0

[Event "2BLS 1819 SC Eppingen - SC Emmendingen"]
[Site "?"]
[Date "2018.11.10"]
[Round "1.4"]
[White "Ruck, Robert"]
[Black "Korpa, Bence"]
[Result "1/2-1/2"]
[WhiteElo "2515"]
[BlackElo "2505"]
[PlyCount "45"]
[EventDate "2018.??.??"]

1. Nf3 c5 2. g3 Nc6 3. Bg2 g6 4. c3 Bg7 5. d4 cxd4 6. cxd4 d5 7. Nc3 e6 8. O-O
Nge7 9. b3 O-O 10. e3 b6 11. Qe2 Bb7 12. Ba3 Qd7 13. Rac1 Rfd8 14. Rfd1 Nf5 15.
Rd2 Rac8 16. Qd1 Ba6 17. Bf1 Bxf1 18. Qxf1 f6 19. Qa6 Nb8 20. Qd3 Rc6 21. Rdc2
Rdc8 22. Kg2 R8c7 23. Ne2 {(=)} 1/2-1/2